Espiritualidad del exilio
Salvato in:
| Autori principali: | , , |
|---|---|
| Natura: | Libro |
| Lingua: | spagnolo |
| Pubblicazione: |
Madrid
Marova
1969
|
| Serie: | Maran Atha
|
| Soggetti: | |
| Tags: |
Aggiungi Tag
Nessun Tag, puoi essere il primo ad aggiungerne!!
|
MARC
| LEADER | 00000nam a2200000 a 4500 | ||
|---|---|---|---|
| 001 | UCR1181 | ||
| 003 | CL-VaPUC | ||
| 008 | 971212e19690000SP |||||||||||||||||spa|d | ||
| 082 | 0 | 4 | |a 251 |b GEL |2 21 |
| 100 | |a Gelin, Albert |e author |9 479569 | ||
| 700 | 0 | |a Pierron, J |e author |9 398094 | |
| 700 | |a Gourbillon, J. G |e author |9 576936 | ||
| 245 | 1 | 0 | |a Espiritualidad del exilio |
| 300 | |a 97 p | ||
| 942 | |c BK | ||
| 945 | |d 19971212 00:00:00 |a jquezada | ||
| 260 | |a Madrid |b Marova |c 1969 | ||
| 650 | 0 | |a Predicación |9 398079 | |
| 650 | 7 | |a FUENTES BIBLICAS |2 CL-VaPUC |9 398096 | |
| 650 | 0 | |a Exilio |9 343229 | |
| 650 | 7 | |a EXODO |2 CL-VaPUC |9 320762 | |
| 650 | 0 | |a Historia |9 255047 | |
| 651 | 0 | |a Israel |9 314378 | |
| 583 | |a last modification |c 19971212 00:00:00 |k Rodrigo Vera | ||
| 490 | 0 | |a Maran Atha | |
| 999 | |c 264661 |d 264659 | ||
| 952 | |0 0 |1 0 |4 0 |6 251_000000000000000_GEL_1969 |7 0 |8 A |9 295036 |a BIBTEO |b BIBTEO |d 2019-11-19 |i 3368556 |o 251 GEL 1969 |p 3368556 |r 2025-01-17 |w 2019-11-19 |y BK |k ICR | ||